000 00628nam a2200205Ii 4500
003 JO-AjNU
008 230606s9999||||xx |||||||||||||| ||und||
020 _a1-800-423-0563
040 _aJO-AjNU
_beng
_erda
_cJO-AjNU
041 _aeng
050 1 4 _aHD31.2007
100 3 _aEvans,James R/David A.Collier,
_eauthor
_91858
245 0 0 _aOPERATIONS MANAGEMENT:An Integrated Goods and Services Approach
264 3 1 _aAustralia:THOMSON SOUTH-WESTERN.2007
300 _a830p
336 _atext
_btxt
_2rdacontent
337 _aunmediated
_bn
_2rdamedia
338 _avolume
_bnc
_2rdacarrier
650 4 _aOPERATIONS MANAGEMENT
_91859
999 _aE979
_c979
_d979